<?xml version="1.0" encoding="UTF-8"?>
<marc:record xmlns:marc="http://www.loc.gov/MARC21/slim">
   <marc:leader>00000nam a2200000 a 4500</marc:leader>
   <marc:datafield ind1="1" ind2=" " tag="100">
      <marc:subfield code="a">Milano, Sera</marc:subfield>
      <marc:subfield code="4">aut</marc:subfield>
      <marc:subfield code="e">Verfasser/-in</marc:subfield>
   </marc:datafield>
   <marc:datafield ind1="0" ind2="0" tag="245">
      <marc:subfield code="a">Nichts wird wie vorher sein</marc:subfield>
   </marc:datafield>
   <marc:datafield ind1="0" ind2="0" tag="245">
      <marc:subfield code="c">Sera Milano</marc:subfield>
   </marc:datafield>
   <marc:datafield ind1=" " ind2="1" tag="264">
      <marc:subfield code="a">Hamburg</marc:subfield>
      <marc:subfield code="b">Carlsen</marc:subfield>
      <marc:subfield code="c">2022</marc:subfield>
   </marc:datafield>
   <marc:datafield ind1=" " ind2=" " tag="250">
      <marc:subfield code="a">1. Auflage</marc:subfield>
   </marc:datafield>
   <marc:datafield ind1="1" ind2=" " tag="520">
      <marc:subfield code="a">Angaben aus der Verlagsmeldung

Nichts wird wie vorher sein This can never not be real / von Sera Milano

Ein Terrorakt – hautnah miterlebt aus Sicht der Opfer: berührend, beklemmend und trotz allem hoffnungsvoll!

Eine Festivalwiese am Abend. Das Gelände ist voller Menschen, auf der Bühne stimmt die Hauptband ihren letzten Song an. Plötzlich fällt ein Schuss. Oder war es ein Feuerwerk? Dann noch ein Schuss. Menschen stürzen zu Boden, Verwirrung macht sich breit. Panik. Todesangst. Durch die Augen von fünf Jugendlichen erleben wir im Rückblick mit, wie der Terroranschlag seinen schrecklichen Lauf nimmt. Ungläubig, angsterfüllt, auf Hilfe hoffend, so taumeln sie durch eine endlose Nacht, bezeugen Gesten des Muts und der Verzweiflung. Die fünf überleben, ja. Aber eins ist klar: Nichts wird wie vorher sein.

Die eine Nacht, die alles verändert: Fünf junge Menschen erzählen von einem Anschlag, voller Angst und Wut, voller Trauer und Hoffnung.

Eine Geschichte, die man nicht so schnell vergisst - spannend wie ein Thriller, intensiv wie ein Kammerspiel, aufwühlend wie ein Tagebuch

</marc:subfield>
   </marc:datafield>
   <marc:datafield ind1=" " ind2=" " tag="020">
      <marc:subfield code="a">9783551584298</marc:subfield>
      <marc:subfield code="9">9783551584298</marc:subfield>
   </marc:datafield>
   <marc:datafield ind1=" " ind2=" " tag="020">
      <marc:subfield code="a">355158429X</marc:subfield>
      <marc:subfield code="9">355158429X</marc:subfield>
   </marc:datafield>
   <marc:datafield ind1=" " ind2=" " tag="041">
      <marc:subfield code="a">ger</marc:subfield>
   </marc:datafield>
   <marc:datafield ind1=" " ind2=" " tag="300">
      <marc:subfield code="a">352 Seiten</marc:subfield>
   </marc:datafield>
</marc:record>
